000 00423nam a2200193Ia 4500
005 20240823034953.0
008 240823s9999||||xx |||||||||||||| ||und||
020 _a248
041 _aENGLISH
082 _A823.92 Q3
100 _aVivek Wilson
245 0 _aDirt Tracks
250 _a1st
260 _c2013
_b"Penguin Books,En"
500 _aYES
650 _aDirt Tracks
_bGeneral
942 _cBK
999 _c199563
_d199563